[Event "10th Izmir Open"]
[Site "Izmir TUR"]
[Date "2011.09.08"]
[Round "9"]
[White "Ozdemir,T"]
[Black "Kumsiashvili,N"]
[Result "1/2-1/2"]
[WhiteElo "1956"]
[BlackElo "2022"]

1.d4 Nf6 2.c4 e6 3.g3 Bb4+ 4.Bd2 Bxd2+ 5.Qxd2 d5 6.Bg2 Nbd7 7.Nf3 c6 8.O-O O-O
9.Qc2 b6 10.Nbd2 Bb7 11.e4 dxe4 12.Nxe4 Nxe4 13.Qxe4 Qc7 14.Ne5 Nxe5 15.Qxe5 Qd7
16.Rfe1 Rfd8 17.Rad1 Qd6 18.Be4 Rd7 19.Qh5 g6 20.Qe2 Rad8 21.Rd2 Qb4 22.Red1 Ba6
23.b3 Bb7 24.Qf3 Rd6 25.Qe3 a5 26.h4 h5 27.Qg5 Kg7 28.g4 hxg4 29.h5 R6d7
30.Qe5+ f6 31.Qxe6 gxh5 32.Qf5 Kg8 33.Qxh5 Rg7 34.Kg2 Qe7 35.Re2 Qf7 36.Qh4 Rg5
37.Rh1 Qg7 38.Rhe1 Rf8 39.Bd3 c5+ 40.d5 f5 41.Re7 Rf7 42.Re8+ Rf8 43.R1e7 Rxe8
44.Rxg7+ Rxg7 45.Bxf5 Bc8 46.Bxc8 Rxc8 47.Qf6 Rb8 48.Qe6+ Kh8 49.Kg3 Rbb7
50.Qh6+ Kg8 51.Qe6+ Kh8 52.Qe8+ Kh7 53.Kh4 Rbf7 54.Qe4+ Kh8 55.Qe8+ Kh7  1/2-1/2

[Event "ch-Euro Youth b16"]
[Site "Albena BUL"]
[Date "2011.09.14"]
[Round "4.27"]
[White "Johansson,Linus"]
[Black "Megalios,K"]
[Result "1-0"]
[WhiteElo "2195"]
[BlackElo "2058"]

1.d4 Nf6 2.c4 e6 3.g3 Bb4+ 4.Bd2 Qe7 5.Nf3 Nc6 6.Nc3 Bxc3 7.Bxc3 Ne4 8.Rc1 O-O
9.Bg2 d6 10.d5 Nd8 11.O-O e5 12.Nd2 Nxc3 13.Rxc3 f5 14.c5 Nf7 15.cxd6 cxd6
16.Qb3 e4 17.Rfc1 Ne5 18.Rc7 Qg5 19.Qb4 e3 20.f4 Qh6 21.Nf3 Nd7 22.Qc3 Re8
23.Ng5 Nf8 24.Nf7 Qg6 25.Nxd6  1-0

[Event "ch-Euro Youth g16"]
[Site "Albena BUL"]
[Date "2011.09.15"]
[Round "5.5"]
[White "Baraeva,M"]
[Black "Osmanodja,F"]
[Result "1/2-1/2"]
[WhiteElo "2199"]
[BlackElo "2039"]

1.d4 Nf6 2.c4 e6 3.g3 Bb4+ 4.Bd2 Qe7 5.Bg2 Nc6 6.Nf3 Bxd2+ 7.Nbxd2 d6 8.O-O a5
9.e4 e5 10.d5 Nb8 11.b3 O-O 12.Qc2 Nh5 13.Nh4 Nf4 14.gxf4 Qxh4 15.fxe5 dxe5
16.Qc3 Qf4 17.Rae1 Ra6 18.Qe3 Rf6 19.Qxf4 Rxf4 20.c5 Na6 21.Rc1 f5 22.f3 g5
23.c6 b6 24.Nc4 fxe4 25.fxe4 Nc5 26.Nxe5 Nxe4 27.Nd7 Rxf1+ 28.Rxf1 Rxf1+
29.Kxf1 Nd6 30.Bh3 Kg7 31.Be6 Bxd7 32.cxd7 Nb7 33.Ke2 Kf6 34.Kf3 h5 35.Ke4 Nc5+
36.Kd4 Ke7 37.Ke5 g4 38.Kf5 c6 39.Kg5 cxd5 40.d8=Q+ Kxd8 41.Bxd5 Nd3 42.Bc4 Ne5
43.Be2 Nf3+ 44.Kxh5 Nxh2 45.Bxg4 Nf1 46.Kg5 Kc7 47.Kf4 Kc6 48.Be2 Nd2 49.Bd3 Kc5
50.Ke3 Nxb3 51.axb3 Kb4 52.Bc2 b5 53.Kd4 a4 54.bxa4 bxa4 55.Bxa4  1/2-1/2

[Event "4th Mumbai Mayors Cup"]
[Site "Mumbai IND"]
[Date "2011.09.20"]
[Round "6"]
[White "Rahman,Zia"]
[Black "Swayams,M"]
[Result "1/2-1/2"]
[WhiteElo "2528"]
[BlackElo "2354"]

1.d4 Nf6 2.c4 e6 3.g3 Bb4+ 4.Bd2 Bxd2+ 5.Qxd2 c6 6.Bg2 d5 7.Nf3 Nbd7 8.O-O O-O
9.Rc1 Qe7 10.Qf4 Re8 11.Nbd2 e5 12.dxe5 Nxe5 13.Nxe5 Qxe5 14.Qxe5 Rxe5 15.e3 Be6
16.Nf3 Rh5 17.h4 dxc4 18.Ng5 h6 19.Nxe6 fxe6 20.Rxc4 Rb5 21.Rc2 Rd8 22.Bf1 Rbd5
23.Bc4 Rd1+ 24.Rxd1 Rxd1+ 25.Kg2 Kf7 26.Bb3 Rd8 27.Kf3 Ke7 28.g4 g5 29.hxg5 hxg5
30.Rc5 Rf8 31.Ke2 Nxg4 32.f3 Nf6 33.Rxg5 Rg8 34.Re5 Nd5 35.f4 Kd6 36.Kf3 Rg1
37.Rh5 Rf1+ 38.Ke2 Rb1 39.Rh7 Rxb2+ 40.Kf3 a5 41.e4 a4 42.Bxa4 Rxa2 43.exd5 Rxa4
44.dxe6 Kxe6  1/2-1/2

[Event "US Chess League 2011"]
[Site "ICC INT"]
[Date "2011.09.21"]
[Round "4"]
[White "Eckert,D"]
[Black "Adamson,R"]
[Result "1-0"]
[WhiteElo "2246"]
[BlackElo "2321"]

1.d4 Nf6 2.c4 e6 3.g3 Bb4+ 4.Bd2 a5 5.Bg2 d6 6.Nf3 Nbd7 7.Nc3 e5 8.dxe5 dxe5
9.Qc2 h6 10.O-O O-O 11.Rad1 Re8 12.Nh4 Bf8 13.Bc1 c6 14.Na4 e4 15.Nf5 Qc7
16.Bf4 Ne5 17.Bxe4 g5 18.Bc1 Nxc4 19.Bg2 Nb6 20.Nc3 Qe5 21.Ne3 Qc5 22.b3 Be6
23.Bb2 Bg7 24.Rc1 a4 25.Qb1 Qb4 26.Nc2 Qc5 27.b4 Qc4 28.a3 Ng4 29.Ne4 Qb3
30.Bxg7 Qxb1 31.Rxb1 Kxg7 32.Nd4 Nf6 33.Nd6 Reb8 34.b5 Nc4 35.Nxe6+ fxe6
36.Nxc4 Nd5 37.Rfc1 Rd8 38.bxc6 bxc6 39.Rb7+ Kf6 40.e4 Ne7 41.e5+ Kf7 42.Nd6+ Kf8
43.Rc3 Ng6 44.f4 Rab8 45.Bxc6 gxf4 46.gxf4 Rxb7 47.Bxb7 Rd7 48.Be4 Ne7 49.Rc4 Ra7
50.Kf2 h5 51.Ke3 h4 52.Kf3 Kg7 53.Kg4  1-0

[Event "Tatry Open"]
[Site "Tatranske Zruby SVK"]
[Date "2011.09.26"]
[Round "2.19"]
[White "Csala,J"]
[Black "Vyskocil,N"]
[Result "0-1"]
[WhiteElo "2143"]
[BlackElo "2308"]

1.d4 Nf6 2.c4 e6 3.g3 Bb4+ 4.Bd2 c5 5.Bxb4 cxb4 6.Bg2 d5 7.Nd2 Nc6 8.e3 O-O
9.Ne2 b6 10.O-O Bb7 11.Rc1 Rc8 12.Re1 Qe7 13.cxd5 Nxd5 14.e4 Nf6 15.e5 Nd5
16.Ne4 Na5 17.Rxc8 Bxc8 18.Nd6 Bd7 19.Qd3 Bc6 20.Rc1 Qd7 21.Qa6 h6 22.Nf4 Nxf4
23.Bxc6 Nxc6 24.gxf4 Nxd4 25.Qc4 Nf3+ 26.Kg2 Nh4+ 27.Kg3 Nf5+ 28.Nxf5 exf5
29.Qxb4 Qe6 30.Qb3 Qg6+ 31.Kf3 Qg4+ 32.Ke3 Qh3+ 33.f3 Qxh2 34.Qc2 Qxc2 35.Rxc2 Re8
36.b4 a5 37.bxa5 bxa5 38.Rc5 Ra8 39.a4 Ra6 40.Kd4 g5 41.fxg5 hxg5 42.e6 fxe6
43.Rc7 g4 44.fxg4 fxg4 45.Ke3 Rd6 46.Rc4 g3 47.Rg4+ Kf7 48.Rxg3 Rd5 49.Rg1 Rh5
50.Rg4 Kf6 51.Rc4 Rh3+ 52.Kd2 Ra3 53.Kc2 Ra2+ 54.Kb3 Rd2 55.Rc8 Kf5 56.Ra8 Rd5
57.Kc4 Ke4 58.Rh8 Rf5 59.Re8 Ke5 60.Kb5 Kd6+ 61.Kb6 Rd5 62.Rd8+ Ke5 63.Re8 Kf5
64.Ra8 e5 65.Kc6 Ke4 66.Ra7 Kd4 67.Rh7 e4 68.Rh1 Rc5+ 69.Kb6 Re5 70.Kc6 e3  0-1

[Event "Tatry Open"]
[Site "Tatranske Zruby SVK"]
[Date "2011.09.27"]
[Round "3.5"]
[White "Berezjuk,S"]
[Black "Ramik,Z"]
[Result "1/2-1/2"]
[WhiteElo "2378"]
[BlackElo "2294"]

1.d4 Nf6 2.c4 e6 3.g3 Bb4+ 4.Bd2 Qe7 5.Bg2 Bxd2+ 6.Qxd2 O-O 7.Nc3 d6 8.Nf3 Nc6
9.O-O e5 10.Rac1 Bg4 11.d5 Nd8 12.Ne1 Bd7 13.e4 c5 14.dxc6 bxc6 15.Nc2 Nb7
16.b4 Rfd8 17.Ne3 Ng4 18.Nf5 Qf8 19.b5 Nf6 20.f4 cxb5 21.cxb5 Rac8 22.Ne3 Rc5
23.a4 Be6 24.fxe5 dxe5 25.Ncd5 Bxd5 26.exd5 Rdc8 27.h3 Rxc1 28.Rxc1 Rxc1+
29.Qxc1 Nc5 30.Kh2 h6 31.a5 g6 32.Nc4 Nfd7 33.d6 e4 34.Qf4 Qe8 35.Ne3 h5
36.g4 h4 37.g5 Qe6 38.Qxh4 Qxd6+ 39.Qg3 Qd4 40.Ng4 Nd3 41.Qc7 Kg7 42.b6 axb6
43.a6 e3 44.Nxe3 Qxe3 45.a7 N7e5 46.a8=Q Qf4+ 47.Kh1 Nf2+ 48.Kg1 Nxh3+ 49.Bxh3 Nf3+
50.Qxf3 Qxc7 51.Qf6+ Kg8  1/2-1/2

[Event "Tatry Open"]
[Site "Tatranske Zruby SVK"]
[Date "2011.09.30"]
[Round "7.40"]
[White "Sosovicka,M"]
[Black "Sosovicka,J"]
[Result "1/2-1/2"]
[WhiteElo "1961"]
[BlackElo "2198"]

1.d4 Nf6 2.c4 e6 3.g3 Bb4+ 4.Bd2 Qe7 5.Bg2 Bxd2+ 6.Qxd2 d6 7.Nf3 O-O 8.O-O e5
9.Nc3 Nc6 10.Nd5 Qd8 11.dxe5 Nxe5 12.Nxe5 dxe5 13.Rfd1 c6  1/2-1/2

[Event "TCh-POL Ekstraliga"]
[Site "Katowice POL"]
[Date "2011.10.08"]
[Round "8.4"]
[White "Dziuba,M"]
[Black "Macieja,B"]
[Result "1/2-1/2"]
[WhiteElo "2593"]
[BlackElo "2616"]

1.d4 Nf6 2.c4 e6 3.g3 Bb4+ 4.Bd2 Be7 5.Bg2 d5 6.Nf3 c6 7.Qc2 O-O 8.O-O Nbd7
9.Bf4 a5 10.Rd1 b5 11.cxb5 cxb5 12.Bc7 Qe8 13.a4 b4 14.Rc1 Ba6 15.Qd1 Bd8
16.Bf4 Qe7 17.Rc6 Ne4 18.Nbd2 Bb7 19.Rc2 Bb6 20.Nb3 Rfc8 21.Rac1 Qd8 22.Nfd2 Rxc2
23.Rxc2 Nxd2 24.Qxd2 Rc8 25.Bd6 Rxc2 26.Qxc2 Qc8 27.Qxc8+ Bxc8 28.Nc5 Nf6
29.e3 Ne8 30.Be7 f6 31.Nd3 Kf7  1/2-1/2

[Event "TCh-POL Ekstraliga"]
[Site "Katowice POL"]
[Date "2011.10.08"]
[Round "8.2"]
[White "Markowski,T"]
[Black "Gritsak,O"]
[Result "1/2-1/2"]
[WhiteElo "2616"]
[BlackElo "2528"]

1.d4 Nf6 2.c4 e6 3.g3 Bb4+ 4.Bd2 Bxd2+ 5.Nxd2 d6 6.Ngf3 Qe7 7.Bh3 O-O 8.O-O c5
9.e3 b6 10.Bg2 Bb7 11.Qc2 Nbd7 12.Rac1 Rfc8 13.Qa4 a6 14.Rfd1 Bc6 15.Qa3 h6
16.b4 cxd4 17.exd4 Qf8 18.Qb2 a5 19.a3 axb4 20.axb4 Bb7 21.Nf1 Be4 22.N1d2 Bb7
23.Nf1 Be4 24.N1d2 Bb7 25.Nf1  1/2-1/2

[Event "TCh-ISL Div1 2011-12"]
[Site "Reykjavik ISL"]
[Date "2011.10.08"]
[Round "3.3"]
[White "Kjartansson,G"]
[Black "Thorarinsson,P"]
[Result "1-0"]
[WhiteElo "2314"]
[BlackElo "2264"]

1.d4 Nf6 2.c4 e6 3.g3 Bb4+ 4.Bd2 Qe7 5.Bg2 Nc6 6.Nf3 Bxd2+ 7.Nbxd2 d6 8.O-O O-O
9.e4 e5 10.d5 Nb8 11.Ne1 a5 12.Nd3 Bg4 13.f3 Bd7 14.Qc2 Na6 15.Rae1 Nb4 16.Qb3 Nxd3
17.Qxd3 Rfb8 18.f4 b5 19.c5 dxc5 20.fxe5 Qxe5 21.Nf3 Qxb2 22.e5 c4 23.Qd1 Ng4
24.Ng5 Nxe5 25.Qh5 h6 26.Nxf7 Qd4+ 27.Kh1 Ng4 28.Re4 Nf2+ 29.Rxf2 Qxf2 30.Nxh6+ gxh6
31.Qg6+ Kf8 32.Qxh6+ Kf7 33.Qh7+  1-0

[Event "49th ch-IND NatA"]
[Site "Aurangabad IND"]
[Date "2011.10.09"]
[Round "1"]
[White "Ghosh,D"]
[Black "Shyam,N"]
[Result "0-1"]
[WhiteElo "2288"]
[BlackElo "2418"]

1.d4 Nf6 2.c4 e6 3.g3 Bb4+ 4.Bd2 Be7 5.Bg2 d5 6.Nf3 O-O 7.O-O c6 8.Qc2 b6
9.b3 Ba6 10.Rd1 Nbd7 11.Bf4 Rc8 12.Nc3 Nh5 13.Bc1 Nhf6 14.Bf4 h6 15.e4 dxc4
16.Nd2 b5 17.bxc4 bxc4 18.Na4 c5 19.d5 Nh5 20.Be3 Ne5 21.h3 Qe8 22.Nc3 Nd3
23.a3 Bf6 24.Rab1 Bd4 25.Nf1 Nf6 26.Ne2 exd5 27.exd5 Qd7 28.Nxd4 cxd4 29.Bxd4 Nxd5
30.Ba1 Rfe8 31.Nh2 Bb5 32.Ng4 Ba4 33.Qd2 Bxd1 34.Bxg7 Bxg4 35.Qxh6 f6 36.Bxd5+ Qxd5
37.Bxf6 Kf7 38.Qg7+ Ke6 39.Bc3 Bxh3 40.Qh6+ Kd7 41.Qxh3+ Kc6 42.Qh7 Rc7 43.Qh6+ Qe6
44.Qh5 Nc5 45.Re1 Qxe1+ 46.Bxe1 Rxe1+ 47.Kg2 c3 48.Qf3+ Ne4 49.Qd3 Kb6 50.f3 Nd2
51.Qd6+ Rc6 52.Qd4+ Rc5 53.Qd8+ Kb5 54.Qd3+ Ka4 55.Qd4+ Rc4 56.Qxa7+ Kb3
57.Qb7+ Ka2  0-1

[Event "TCh-ISL Div1 2011-12"]
[Site "Reykjavik ISL"]
[Date "2011.10.09"]
[Round "4.1"]
[White "Gislason,G"]
[Black "Gretarsson,Hj"]
[Result "1-0"]
[WhiteElo "2295"]
[BlackElo "2442"]

1.d4 Nf6 2.c4 e6 3.g3 Bb4+ 4.Bd2 a5 5.Bg2 O-O 6.Nc3 d5 7.cxd5 exd5 8.Nf3 Bf5
9.O-O Nbd7 10.Rc1 c6 11.a3 Be7 12.Nh4 Be6 13.Qc2 Nb6 14.Rfd1 Nc4 15.Be1 b5
16.Nf3 g6 17.Ng5 Bf5 18.Qb3 Nd7 19.Nf3 Ndb6 20.Ne5 Nxe5 21.dxe5 Qb8 22.e4 dxe4
23.Nxe4 Qxe5 24.f4 Be6 25.Qe3 Nd5 26.Qe2 Qf5 27.Rxc6 Rac8 28.Rxc8 Rxc8 29.Bf2 b4
30.axb4 axb4 31.Bd4 Nf6 32.Bxf6 Bxf6 33.Bh3 Bd4+ 34.Rxd4 Qxh3 35.Qd1 Kg7
36.Rxb4 Qf5 37.Rd4 Rc6 38.b4 Qb5 39.Qa1 Ra6 40.Qc3 Kh6 41.Qc1 Kg7 42.Nc5 Ra2
43.Qc3 Kh6 44.f5 g5 45.Rh4+  1-0

[Event "20th TCh-CRO 1a"]
[Site "Sibenik CRO"]
[Date "2011.10.10"]
[Round "7.1"]
[White "Lalic,B"]
[Black "Fedorchuk,S"]
[Result "1/2-1/2"]
[WhiteElo "2456"]
[BlackElo "2635"]

1.d4 Nf6 2.c4 e6 3.g3 Bb4+ 4.Bd2 Bxd2+ 5.Qxd2 d5 6.Bg2 O-O 7.Nf3 c6 8.O-O Nbd7
9.Rc1 b6 10.Ne5 Bb7 11.cxd5 cxd5 12.Nc3 Rc8  1/2-1/2

[Event "49th ch-IND NatA"]
[Site "Aurangabad IND"]
[Date "2011.10.13"]
[Round "5"]
[White "Kunte,A"]
[Black "Laxman,R"]
[Result "1/2-1/2"]
[WhiteElo "2528"]
[BlackElo "2451"]

1.d4 Nf6 2.c4 e6 3.g3 Bb4+ 4.Bd2 a5 5.Bg2 d5 6.Qc2 O-O 7.Nf3 c5 8.cxd5 cxd4
9.Nxd4 Qb6 10.Nf3 exd5 11.O-O Nc6 12.Bg5 Be7 13.Nc3 Be6 14.e3 h6 15.Bxf6 Bxf6
16.Rfd1 Rfd8 17.Na4 Qb4 18.Nc5 Bg4 19.a3 Qb6 20.Na4 Qa7 21.h3 Bxf3 22.Bxf3 d4
23.Qc5 dxe3 24.Qxa7 Rxa7 25.fxe3 Re8 26.Kf2 Bg5 27.e4 Bf6 28.Rac1 b5 29.Rxc6 bxa4
30.Rc4 Rb7 31.Rd2  1/2-1/2

[Event "Indonesia Open"]
[Site "Jakarta INA"]
[Date "2011.10.14"]
[Round "2.39"]
[White "Turqueza,M"]
[Black "Lindiawati,E"]
[Result "1/2-1/2"]
[WhiteElo "2274"]
[BlackElo "2085"]

1.d4 Nf6 2.c4 e6 3.g3 Bb4+ 4.Bd2 Bxd2+ 5.Qxd2 d5 6.Bg2 O-O 7.Nf3 Ne4 8.Qc2 Nd7
9.O-O c6 10.Nbd2 f5 11.b4 Nxd2 12.Nxd2 Qf6 13.Qc3 f4 14.e4 e5 15.dxe5 Nxe5
16.exd5 f3 17.Bh1 cxd5 18.cxd5 Bg4 19.Rfe1 Rae8 20.Re3 Nd7 21.Qxf6 Nxf6 22.Rxe8 Nxe8
23.h3 Bxh3 24.Bxf3 Nd6 25.g4 Rf4 26.Kh2 Bxg4 27.Kg3 Rd4 28.Bxg4 Rxd2 29.Be6+ Kf8
30.Rc1 Ke7 31.Rc7+ Kf6 32.Rd7 Ne4+ 33.Kf4 Ng5 34.Ke3 Rxa2 35.Bg4 b6 36.f4 Nf7
37.Be6 Nh6 38.Ke4 Ra4 39.Kf3 Rxb4 40.Rxa7 Rb3+ 41.Ke4 Rb4+ 42.Kf3 Rb3+ 43.Ke4  1/2-1/2

[Event "Lichtenrader Autumn"]
[Site "Berlin GER"]
[Date "2011.10.15"]
[Round "8.12"]
[White "Boettcher,P"]
[Black "Gaerths,R"]
[Result "0-1"]
[WhiteElo "2170"]
[BlackElo "2219"]

1.d4 e6 2.c4 Nf6 3.g3 Bb4+ 4.Bd2 Qe7 5.Bg2 Nc6 6.Nf3 Bxd2+ 7.Nbxd2 d6 8.O-O O-O
9.e4 e5 10.d5 Nb8 11.Ne1 c6 12.Nd3 Bg4 13.f3 Bd7 14.a4 a5 15.b4 axb4 16.Nxb4 cxd5
17.cxd5 Na6 18.Nxa6 bxa6 19.Nc4 Rfb8 20.Qd2 Be8 21.Na5 h5 22.Rfc1 h4 23.Bf1 Nh5
24.Kg2 hxg3 25.hxg3 Qf6 26.Rc3 Qg6 27.Qf2 Nxg3 28.Kh2 Nh5 29.Nc6 Rb7 30.Rac1 Qh6
31.Qh4 Qd2+ 32.Kg1 g6 33.Ne7+ Kf8 34.Nc8 Rb2 35.Nxd6 Rab8 36.Rc8 Qe3+ 37.Kh1 Qxf3+
38.Kg1 Qe3+ 39.Kh1 Ng3+  0-1

[Event "TCh-FIN SM-Liiga 2011-12"]
[Site "Sastamala FIN"]
[Date "2011.10.15"]
[Round "3.5"]
[White "Fieandt,J"]
[Black "Ahvenjarvi,Jani"]
[Result "0-1"]
[WhiteElo "2186"]
[BlackElo "2118"]

1.d4 Nf6 2.c4 e6 3.g3 Bb4+ 4.Bd2 Be7 5.Bg2 d5 6.Nf3 O-O 7.O-O c6 8.Qc2 b6
9.Ne5 Bb7 10.Bc3 Nbd7 11.Nxd7 Qxd7 12.Nd2 dxc4 13.Nxc4 c5 14.Bxb7 Qxb7 15.dxc5 Bxc5
16.Bxf6 gxf6 17.Qc3 Be7 18.Rac1 Rfd8 19.Qb3 Rac8 20.Ne3 Qa6 21.Rc4 Rxc4 22.Nxc4 Rc8
23.Ne3 Qxe2 24.Qa4 Rd8 25.b4 a6 26.a3 Qb5 27.Qc2 f5 28.Rd1 Rxd1+ 29.Qxd1 Bf6
30.Qd6 Kg7 31.a4 Qxa4 32.Qxb6 Bc3 33.Qd8 h6 34.Qb6 Qa1+ 35.Kg2 Bd4 36.Qd6 Qb2
37.Kf3 Bxe3 38.Kxe3 Qb3+ 39.Kd4 Qb2+ 40.Kc5 Qxf2+ 41.Kc6 Qe2 42.h4 Qb5+ 43.Kc7 a5
44.bxa5 Qxa5+ 45.Kc8 Qd5 46.Qf4 e5 47.Qf2 e4 48.Kc7 Qe5+  0-1

[Event "TCh-AUT 2 Mitte 2011-12"]
[Site "St Valentin AUT"]
[Date "2011.10.22"]
[Round "2"]
[White "Karner,C"]
[Black "Babula,V"]
[Result "0-1"]
[WhiteElo "2381"]
[BlackElo "2572"]

1.d4 Nf6 2.c4 e6 3.g3 Bb4+ 4.Nd2 O-O 5.Bg2 d5 6.Nf3 dxc4 7.Qc2 a5 8.a4 b6
9.O-O Bb7 10.Rd1 Na6 11.Nxc4 Be4 12.Qb3 Qd5 13.Bf4 Rac8 14.Qa2 Be7 15.b3 Nb4
16.Qb2 Qb7 17.Rac1 Rfd8 18.h3 Nfd5 19.Ncd2 Nxf4 20.gxf4 Bd5 21.Qb1 g6 22.e4 Bc6
23.Ne5 Be8 24.Ndc4 c6 25.Ne3 Qb8 26.f5 exf5 27.exf5 c5 28.Qe4 Rxd4 29.Rxd4 cxd4
30.N3c4 Bf6 31.Ng4 Bg7 32.f6 Bf8 33.Qxd4 b5 34.axb5 Qxb5 35.Rc3 Qg5 36.Nce5 Rxc3
37.Qxc3 Qf5 38.Nc4 h5 39.Nge3 Qb1+ 40.Kh2 Qd3 41.Qe5 Qd8 42.Nd5 Nxd5 43.Bxd5 Bd7
44.Qg5 Bf5 45.Ne3 Kh7 46.Qh4 Bh6 47.Qd4 Qd6+ 48.Kg2 Be6 49.Qc4 Bxe3 50.Bxe6 Qd2  0-1

[Event "TCh-BEL 2011-12"]
[Site "Belgium BEL"]
[Date "2011.10.23"]
[Round "2.5"]
[White "Cnossen,W"]
[Black "Noiroux,K"]
[Result "1-0"]
[WhiteElo "2152"]
[BlackElo "2211"]

1.d4 Nf6 2.c4 e6 3.g3 Bb4+ 4.Bd2 Qe7 5.Bg2 Nc6 6.Nf3 Bxd2+ 7.Nbxd2 O-O 8.O-O d6
9.e4 e5 10.d5 Nb8 11.Ne1 c6 12.Nd3 Bg4 13.f3 Bd7 14.Rc1 a5 15.f4 cxd5 16.fxe5 Nxe4
17.cxd5 Nxd2 18.Qxd2 dxe5 19.Rc7 Qd6 20.Rfc1 b6 21.Qe3 Re8 22.Rb7 Ra6 23.Rcc7 Bc8
24.Qf2 Rf8 25.Rxc8 Nd7 26.Rc6 Qe7 27.Qf5 Rd8 28.Rcc7 g6 29.Rxd7  1-0

[Event "TCh-CZE Liga 1 Zapad"]
[Site "Czech Rep CZE"]
[Date "2011.10.30"]
[Round "2.6"]
[White "Londyn, Radek"]
[Black "Lechtynsky, Jiri"]
[Result "1/2-1/2"]
[WhiteElo "2373"]
[BlackElo "2375"]

1.d4 Nf6 2.c4 e6 3.g3 Bb4+ 4.Bd2 Be7 5.Bg2 d5 6.Nf3 O-O 7.O-O c6 8.Qc2 b6
9.Rd1 Nbd7 10.Bf4 Ba6 11.Nbd2 Rc8 12.Rac1 b5 13.c5 b4 14.Bf1 Bb5 15.h3 Nh5
16.e4 Bxf1 17.Kxf1 Nxf4 18.gxf4 dxe4 19.Nxe4 Nf6 20.Nxf6+ Bxf6 21.Qe4 Qa5
22.Ra1 Rfd8 23.Rd3 Rd5 24.a3 g6 25.Kg2 Rcd8 26.Rad1 bxa3 27.bxa3 Qa4 28.Rb1 a5
29.Re3 Rxd4 30.Nxd4 Rxd4 31.Rb8+ Kg7 32.Qb1 Rxf4 33.Qb3 Qd4 34.Rb7 Qxc5 35.Rf3 Qg5+
36.Kf1 Re4 37.Rd7 Qc1+ 38.Rd1 Qc5 39.Rd7 Qc1+ 40.Rd1 Qc5  1/2-1/2

[Event "TCh-HUN 2011-12"]
[Site "Heviz HUN"]
[Date "2011.11.13"]
[Round "3"]
[White "Horvath,Cs1"]
[Black "Gyimesi,Z"]
[Result "1/2-1/2"]
[WhiteElo "2517"]
[BlackElo "2646"]

1.d4 Nf6 2.c4 e6 3.g3 Bb4+ 4.Bd2 Be7 5.Bg2 d5 6.Nf3 O-O 7.O-O c6 8.Qc2 b6
9.Bf4 Nbd7 10.Rd1 Bb7 11.Nc3 Rc8 12.Ne5 Nh5 13.Bc1 Nhf6 14.Bf4 Nh5 15.Bc1 Nhf6
16.Bf4  1/2-1/2

[Event "WYCC U14 Open"]
[Site "Caldas Novas BRA"]
[Date "2011.11.19"]
[Round "2"]
[White "Wagner,De"]
[Black "Novoa,F"]
[Result "1-0"]
[WhiteElo "2333"]
[BlackElo "2048"]

1.d4 Nf6 2.c4 e6 3.g3 Bb4+ 4.Bd2 Qe7 5.Nf3 Nc6 6.Nc3 O-O 7.Bg2 Na5 8.b3 b6
9.Ne5 Bb7 10.Bxb7 Nxb7 11.O-O c5 12.e3 Rac8 13.a3 Bxc3 14.Bxc3 d6 15.Nd3 Rfd8
16.Qf3 cxd4 17.exd4 d5 18.Ne5 Nd6 19.Rac1 Qb7 20.c5 bxc5 21.Ba5 Re8 22.dxc5 Nde4
23.Qe3 Qb5 24.b4 Nd7 25.Nxd7 Qxd7 26.Rfd1 Qc6 27.Qd3 Rb8 28.Rb1 Qb5 29.Qxb5 Rxb5
30.a4 Rbb8 31.Rbc1 Rec8 32.f3 Nf6 33.c6 h6 34.b5 Ne8 35.Bd2 e5 36.Rc5 Nf6
37.Bc3 d4 38.Ba5 Re8 39.Re1 e4 40.fxe4 Nxe4 41.Rd5 d3 42.Rxd3 Nc5 43.Rxe8+ Rxe8
44.Rd8 Rxd8 45.Bxd8 Ne4 46.Be7  1-0

[Event "Malta Open"]
[Site "Bugibba MLT"]
[Date "2011.11.24"]
[Round "5.3"]
[White "Hanley,C"]
[Black "Epishin,V"]
[Result "1/2-1/2"]
[WhiteElo "2415"]
[BlackElo "2543"]

1.d4 Nf6 2.c4 e6 3.g3 Bb4+ 4.Bd2 Qe7 5.Nc3 d5 6.a3 Bxc3 7.Bxc3 a5 8.b3 b6
9.Nf3 Bb7 10.Bg2 O-O 11.O-O Na6 12.Qc2 Rfc8 13.Nd2 c5 14.Qb2 Nc7 15.Rac1 Nce8
16.Rfd1 h6 17.e3 Bc6 18.dxc5 bxc5 19.Qa1 a4 20.b4 cxb4 21.Bxb4 Qa7 22.Qe5 dxc4
23.Bxc6 Rxc6 24.Qb5 Rac8 25.Rxc4 Rxc4 26.Nxc4 Nd5 27.e4 Nxb4 28.Qxb4 Nf6
29.Nd6 Rc2 30.Qd4 Qxd4 31.Rxd4 Ng4 32.Rxa4 Nxf2 33.Ra8+ Kh7 34.a4 Ng4 35.a5 Nxh2
36.a6 Nf3+ 37.Kf1 Rd2 38.Nb5 Nh2+ 39.Kg1  1/2-1/2

[Event "Vizag GM Open"]
[Site "Visakhapatnam IND"]
[Date "2011.11.28"]
[Round "7"]
[White "Ulibin,M"]
[Black "Swayams,M"]
[Result "0-1"]
[WhiteElo "2587"]
[BlackElo "2386"]

1.d4 e6 2.c4 Nf6 3.g3 Bb4+ 4.Bd2 Bxd2+ 5.Qxd2 c6 6.Bg2 d5 7.Nf3 Nbd7 8.Qc2 O-O
9.Nbd2 b6 10.e4 Nxe4 11.Nxe4 dxe4 12.Qxe4 Bb7 13.O-O Qe7 14.Rad1 Rad8 15.Rfe1 Rfe8
16.a3 Ba8 17.Qc2 a5 18.h4 h6 19.Qc3 Qf6 20.c5 bxc5 21.Qxa5 cxd4 22.Nxd4 e5
23.Nb3 Rb8 24.Rxd7 Rxb3 25.Re2 Rb7 26.Red2 Rb5 27.Qa6 Rbb8 28.Be4 Qe6 29.Ra7 c5
30.Qxe6 fxe6 31.Bxa8 Rxa8 32.Rxa8 Rxa8 33.Kf1 Kf7 34.Ke2 c4 35.Rc2 Rb8 36.Kd2 Rb3
37.Kc1 Rf3 38.a4 Ke7 39.a5 Kd6 40.Rxc4 Rxf2 41.Kb1 Kd5 42.Rc8 Rf7 43.Kc2 e4
44.b4 Rf2+ 45.Kb3 Rf3+ 46.Ka4 Rf1 47.a6 Ra1+ 48.Kb5 e3 49.Rc2 Kd4 50.Kb6 Kd3
51.Rg2 e2 52.Rxe2 Kxe2 53.b5 Kf3 54.Kc5 e5 55.b6 Ra5+  0-1

[Event "61st ch-GRE 2011"]
[Site "Chania GRE"]
[Date "2011.11.29"]
[Round "3"]
[White "Galopoulos,N"]
[Black "Moutousis,K"]
[Result "1-0"]
[WhiteElo "2379"]
[BlackElo "2438"]

1.d4 Nf6 2.c4 e6 3.g3 Bb4+ 4.Nd2 d5 5.Nf3 O-O 6.Qc2 b6 7.cxd5 exd5 8.Bg2 Re8
9.Ne5 c5 10.O-O cxd4 11.Ndf3 Bd6 12.Nd3 Bb7 13.Nxd4 Nbd7 14.Bf4 Bxf4 15.Nxf4 Rc8
16.Qd3 a5 17.Rac1 Nc5 18.Qa3 Nfe4 19.Bh3 Ra8 20.Rfd1 Qf6 21.Nf3 Rad8 22.b4 axb4
23.Qxb4 g5 24.Nh5 Qh6 25.g4 f5 26.Nd4 Nxf2 27.Kxf2 Bc8 28.Bg2 fxg4 29.Kg1 Qxh5
30.Qxb6 Ne4 31.Qb3 Qh4 32.Bxe4 Rxe4 33.Rxc8  1-0

[Event "TCh-CZE Extraliga 2011-12"]
[Site "Czech Republic CZE"]
[Date "2011.12.03"]
[Round "3.5"]
[White "Rojicek,V"]
[Black "Jedlicka,A"]
[Result "1/2-1/2"]
[WhiteElo "2406"]
[BlackElo "2262"]

1.d4 Nf6 2.c4 e6 3.g3 Bb4+ 4.Bd2 a5 5.Bg2 d6 6.Qa4+ Bd7 7.Qc2 Nc6 8.Nf3 e5
9.d5 Bxd2+ 10.Nbxd2 Nb4 11.Qc3 c6 12.dxc6 bxc6 13.O-O O-O 14.Rfd1 e4 15.Nd4 c5
16.Nc2 Qe7 17.Nf1 Rab8 18.Nfe3 Ng4 19.Nxb4 Nxe3 20.Qxe3 Rxb4 21.b3 Bc6 22.Rd2 a4
23.Rad1 axb3 24.axb3 Rd8 25.h4 h6 26.Qf4 e3 27.Rxd6 Rxd6 28.Qxd6 Qxd6 29.Rxd6 exf2+
30.Kxf2 Bxg2 31.Rd8+ Kh7 32.Kxg2 Rxb3 33.Rc8 Re3 34.Kf2 Re5 35.Kf3 g5 36.h5 Kg7
37.e4 g4+ 38.Kf4 Rxh5 39.e5 f6 40.Rxc5 Kg6 41.Rd5 Rf5+ 42.Ke4 Rf3 43.e6 Rxg3
44.Rd8 Rg1 45.Kf4 Rf1+ 46.Kxg4 f5+ 47.Kg3  1/2-1/2

[Event "TCh-CZE Extraliga 2011-12"]
[Site "Czech Republic CZE"]
[Date "2011.12.04"]
[Round "4.5"]
[White "Bulski,K"]
[Black "Jedynak,R"]
[Result "1/2-1/2"]
[WhiteElo "2507"]
[BlackElo "2494"]

1.d4 Nf6 2.c4 e6 3.g3 Bb4+ 4.Bd2 Qe7 5.Bg2 Nc6 6.Nf3 Bxd2+ 7.Nbxd2 d6 8.O-O e5
9.d5 Nb8 10.e4 Bg4 11.h3 Bxf3 12.Qxf3 a5 13.Qe3 Nbd7 14.f4 h5 15.f5 Qd8 16.Rfd1 Qb8
17.b3 Qa7 18.Qxa7 Rxa7 19.Kf2 Ke7 20.Ke3 Raa8  1/2-1/2

[Event "20th Aschacher Donau"]
[Site "Aschach AUT"]
[Date "2011.12.26"]
[Round "1"]
[White "Schreiner,Pe"]
[Black "Fruehauf,N"]
[Result "1-0"]
[WhiteElo "2371"]
[BlackElo "2049"]

1.d4 Nf6 2.c4 e6 3.g3 Bb4+ 4.Bd2 Qe7 5.Nf3 Nc6 6.Nc3 O-O 7.Bg2 d6 8.O-O e5
9.Nd5 Nxd5 10.cxd5 Bxd2 11.Qxd2 Nxd4 12.Nxd4 exd4 13.Rfe1 Re8 14.Rac1 Bf5
15.Qxd4 b6 16.Rc3 a5 17.e4 Ra7 18.Ree3 Bd7 19.f4 f6 20.a3 Qd8 21.h3 Re7 22.Kh2 Qe8
23.Re1 Qh5 24.Rce3 Qg6 25.e5 fxe5 26.fxe5 dxe5 27.Rxe5 Rxe5 28.Qxe5 Qd6 29.Qg5 Qf6
30.Qxf6 gxf6 31.Re7 Bf5 32.d6 Kf8 33.g4  1-0

[Event "Cracovia Open A"]
[Site "Krakow POL"]
[Date "2011.12.27"]
[Round "1.8"]
[White "Szuper,P"]
[Black "Jedynak,R"]
[Result "0-1"]
[WhiteElo "2192"]
[BlackElo "2494"]

1.d4 Nf6 2.c4 e6 3.g3 Bb4+ 4.Bd2 Qe7 5.Bg2 Nc6 6.a3 Bxd2+ 7.Qxd2 e5 8.d5 Nb8
9.Nc3 d6 10.e4 O-O 11.Nge2 Bg4 12.f3 Bd7 13.g4 c6 14.O-O cxd5 15.cxd5 a5
16.Ng3 Na6 17.Nf5 Bxf5 18.exf5 Qc7 19.Kh1 Qb6 20.Ne4 Nxe4 21.fxe4 f6 22.Rf3 Rac8
23.Raf1 Nc5 24.Qf2 Qd8 25.Rg3 Rf7 26.h4 Rfc7 27.g5 Nd7 28.Qe3 Rc2 29.Rf2 Qc7
30.Rxc2 Qxc2 31.Kh2 Qc7 32.h5 Qc1 33.Qxc1 Rxc1 34.h6 Rc7 35.gxf6 Nxf6 36.hxg7 a4
37.Rc3 Rxc3 38.bxc3 Kxg7 39.Kg3 Nd7 40.Kf3 Kf6 41.Bf1 Kg5 42.Bb5 Nc5 43.Be8 b6
44.c4 h6 45.Ke3 h5 46.f6 Kxf6 47.Bxh5 Kg5 48.Bd1 Kh4 49.Bc2 Kg3 50.Bd1 Kg2
51.Bg4 Kf1 52.Bh5 Ke1 53.Bg4 Nb3 54.Bd7 Nc5 55.Bg4 Kf1 56.Be2+ Kg2 57.Bh5 Kf1
58.Be2+ Ke1 59.Bh5 Nb7 60.Be8 Kd1 61.Bxa4+ Kc1 62.Bb5 Kb2 63.a4 Kc3 64.Kf3 Kd4  0-1

[Event "Cracovia Open A"]
[Site "Krakow POL"]
[Date "2011.12.27"]
[Round "1.24"]
[White "Krasenkova,I"]
[Black "Coursaget,N"]
[Result "1/2-1/2"]
[WhiteElo "2131"]
[BlackElo "2309"]

1.d4 Nf6 2.c4 e6 3.g3 Bb4+ 4.Nd2 Nc6 5.Nf3 d5 6.e3 O-O 7.a3 Be7 8.Bg2 a5
9.b3 a4 10.b4 dxc4 11.Nxc4 Qd5 12.Qc2 Qf5 13.Qxf5 exf5 14.Bb2 Be6 15.Rc1 Ne4
16.O-O Rfd8 17.Nce5 Nxe5 18.dxe5 c5 19.bxc5 Nxc5 20.Nd4 Nd3 21.Rc7 Bf8 22.Nxe6 fxe6
23.Rxb7 Rab8 24.Bd4 Bxa3 25.Ra1 Rxb7 26.Bxb7 Bc5 27.Rxa4 Rb8 28.Ra8 Rxa8
29.Bxa8 Be7 30.Kf1 Kf7  1/2-1/2